000 00857nam a2200289Ia 4500
001 Para_2419
003 CHAP
008 220125s1988 xx 000 0 und d
010 _a200953
040 _cCHAP
082 _aPA 635.22 C53
100 _aClark, C A
_923605
245 _aCompedium of sweet potato. diseases /
_c by C.A. Clark and J.W. Moyer
260 _aSt. Paul Minn :
_b American Phytopathological Society
300 _a74 p.
440 _aThe disease compendium series
_9165327
650 _aCamote
_x Enfermedades
_917888
700 _aMoyer, J.W.
_979209
710 _aAmerican Phytopathological Society. St. Paul, Minn. I
_9165791
901 _aPA 635.22 C53
902 _aA
905 _a0000001988 STPaf 0000000000 00
910 _a1988
942 _cPARA
942 _cPARA
_d1
999 _c200953
_d200953